Impact of herbivory on the dynamics of individual tillers of little bluestem (Schizachyrium scoparium) and brownseed paspalum (Paspalum plicatulum) /

Bibliographic Details
Main Author: Leite, Gilberto Goncalves, 1944-
Other Authors: Blackburn, Wilbert H. (degree committee member.), Conrad, Bill E. (degree committee member.), Smeins, Fred E. (degree committee member.)
Format: Thesis Book
Language:English
Published: 1986.
Subjects:
Online Access:Link to ProQuest copy
Link to OAKTrust copy
ProQuest, Abstract

MARC

Tag First Indicator Second Indicator Subfields
LEADER 00000ctm a2200000Ia 4500
001 in00000017102
005 20220104090746.0
008 880623s1986 xx a bm 000 0 eng d
035 |9 AAB1456AM 
035 |a (OCoLC)18126768 
035 |a (OCoLC)ocm18126768 
040 |a TXA  |b eng  |c TXA  |d OCLCQ  |d OCLCF  |d OCLCO  |d OCLCQ  |d UMI  |d TXA 
043 |a n-us-tx 
049 |a TXAM 
099 |a 1986  |a Disser-  |a tation  |a L533 
100 1 |a Leite, Gilberto Goncalves,  |d 1944- 
245 1 0 |a Impact of herbivory on the dynamics of individual tillers of little bluestem (Schizachyrium scoparium) and brownseed paspalum (Paspalum plicatulum) / 
264 1 |c 1986. 
300 |a xvi, 149 leaves :  |b illustrations ;  |c 29 cm 
336 |a text  |b txt  |2 rdacontent 
337 |a unmediated  |b n  |2 rdamedia 
338 |a volume  |b nc  |2 rdacarrier 
500 |a "Major subject: Range Science." 
500 |a Typescript (photocopy). 
500 |a Vita. 
502 |b Ph. D.  |c Texas A & M University  |d 1986 
504 |a Includes bibliographical references (leaves 106-116). 
520 3 |a The impact of herbivory (cattle) on dynamics of plant parts of individual tillers of little bluestem (Schizachyrium scoparium) and brownseed paspalum (Paspalum plicatulum) were studied in a simulated short-duration grazing system stocked at four different stocking rates. The research was conducted from April, 1983 to April, 1984 in a grassland of the Post Oak Savannah located at the Texas A&M University, Native Plant and Animal Conservancy near College Station, Texas. Responses of the individual tillers to defoliation were measured by using the marked tiller, marked leaf method. Response variables included lamina appearance; growth of lamina, sheath, stem, and inflorescence; senescence of lamina and sheath; disappearance of lamina, sheath, stem, and inflorescence; and tiller mortality. Variations in parameters studied were evalauated by soil series (Tabor and Axtell). Presence and level of herbivory did not impact rate of lamina appearance of both species. Lamina and sheath growth of little bluestem was not generally affected by levels of stocking. Responses of brownseed paspalum was similar to little bluestem, except when increasing herbivory level in late summer which reduced lamina growth. Lamina growth was high during spring for little bluestem and during fall for brownseed paspalum. Defoliation intensity did not impact relative growth rates of vegetative tillers of both species but absolute growth rate of brownseed paspalum increased as herbivory level increased in spring. Under the assumption that mortality corresponds to natality, herbivory apparently modified the pattern of mortality and recruitment of the tillers and increased rates of both variables for little bluestem and brownseed paspalum during the growing season. Herbivory reduced senescence and disappearance of lamina which was related to relative growth rates of both species. This study suggests that herbivory appears to alter mortality and by inference recruitment of a tiller population more so than regrowth potential of initiated tillers. 
650 0 |a Forage plants. 
650 0 |a Grasses  |x Growth. 
650 0 |a Grazing. 
650 4 |a Major range science. 
655 7 |a Academic theses  |2 lcgft 
700 1 |a Blackburn, Wilbert H.,  |e degree committee member. 
700 1 |a Conrad, Bill E.,  |e degree committee member. 
700 1 |a Smeins, Fred E.,  |e degree committee member. 
700 1 |a Stuth, Jerry W.,  |e degree supervisor. 
710 2 |a Texas A & M University,  |e degree granting institution. 
856 4 1 |u http://proxy.library.tamu.edu/login?url=http://proquest.umi.com/pqdweb?did=752633291&sid=1&Fmt=2&clientId=2945&RQT=309&VName=PQD  |z Link to ProQuest copy  |t 0 
856 4 1 |u https://hdl.handle.net/1969.1/DISSERTATIONS-25072  |z Link to OAKTrust copy  |t 0 
856 4 2 |3 ProQuest, Abstract  |u http://gateway.proquest.com/openurl?url_ver=Z39.88-2004&rft_val_fmt=info:ofi/fmt:kev:mtx:dissertation&res_dat=xri:pqm&rft_dat=xri:pqdiss:8707437  |t 0 
994 |a C0  |b TXA 
999 f f |s f1d87f85-f77a-3a4a-b4f2-96f882aec272  |i 66b689c6-d155-30dd-9b0d-bb92043c902d  |t 0 
952 f f |p noncirc  |a Texas A&M University  |b J.J. Pickle Campus  |c High Density Repository  |s HDR  |d Remote Storage  |t 0  |e 1986 Dissertation L533  |h Other scheme  |i unmediated -- volume  |m A14839615025 
952 f f |a Texas A&M University  |b College Station  |c Electronic Resources  |s www_evans  |d Available Online  |t 0  |e 1986 Dissertation L533  |h Other scheme 
998 f f |a 1986 Dissertation L533  |t 0  |l Available Online 
998 f f |a 1986 Dissertation L533  |t 0  |l Remote Storage